Piosenki Maneskin - Statystyki

Ogólne statystyki
  • Ten quiz został rozwiązany 206 razy
  • Średni wynik to 12 z 33
Statystyki odpowiedzi
Odpowiedź % Poprawnych
I wanna be your slave
78%
Beggin
74%
Zitti e buoni
72%
Coraline
64%
Chosen
62%
Supermodel
55%
Mammamia
48%
Torna a casa
48%
Vent'anni
44%
For your love
40%
Recovery
38%
Somebody told me
38%
Are you ready
36%
In nome del Padre
36%
La paura del buio
35%
Moriro da re
33%
New song
33%
Let's get it started
30%
Fear for nobody
29%
Lividi sui gomiti
29%
Vengo dalla Luna
25%
Le parole lontane
24%
Immortale
23%
Close to the top
22%
You need me I don't need you
22%
Niente da dire
21%
Sh*t blvd
21%
Gasoline
20%
Lasciami stare
20%
L'atra dimensione
17%
Touch me
14%
If I can dream
13%
I wanna be your dog
11%
Nie znaleziono quizów pasujących do podanych kryteriów
Rozkład punktacji
Procent ludzi z każdym wynikiem
Percentyl według liczby udzielonych odpowiedzi
Twoja historia wyników
Nie rozwiązałeś tego quizu